| 000 | 00930nam a2200253 a 4500 | ||
|---|---|---|---|
| 001 | 000020038 | ||
| 005 | 20200929170236.0 | ||
| 008 | 100715s1968 sp 001 e spa d | ||
| 040 |
_aDO-SdBNP _bspa _cBNPHU |
||
| 082 |
_a864.6 _bO77te, 1968 |
||
| 100 | 1 |
_aOrtega y Gasset, José, _d1883-1955 _95769 |
|
| 245 | 1 | 3 |
_aEl tema de nuestro tiempo : _bni vitalismo ni racionalismo. El ocaso de las revoluciones. El sentido histórico de la teoría de Einstein / _cJosé Ortega y Gasset. |
| 250 | _a12a ed. | ||
| 260 |
_aMadrid : _bEspasa-Calpe, _c1968. |
||
| 300 |
_a156 p. ; _c18 cm. |
||
| 490 | 1 |
_aAustral. Verde: ensayos y filosofía _v11 |
|
| 500 | _aInclue referencia biográfica del autor en la solapa. | ||
| 500 | _aIncluye índice de autores. | ||
| 650 | 4 |
_aEnsayos españoles _93095 |
|
| 650 | 4 |
_aLiteratura española _9632 |
|
| 830 | 0 |
_aAustral. _pVerde: ensayos y filosofía; _v11 _98733 |
|
| 910 | _aWM | ||
| 049 | _aBNGR | ||
| 999 |
_c19550 _d19550 |
||